| 000 | 00690nam a2200193 a 4500 | ||
|---|---|---|---|
| 001 | 000013752 | ||
| 005 | 20250607073643.0 | ||
| 008 | 091130s2005 dr 000 0 spa d | ||
| 040 |
_aDO-SdBNP _bspa _cBNPHU |
||
| 082 |
_a615.1 _bC961b, 2005 |
||
| 245 | 0 | 0 | _aCuadro básico de medicamentos esenciales de República Dominicana. |
| 250 | _a5. ed. | ||
| 260 |
_aSanto Domingo : _bSESPAS, _c2005. |
||
| 300 |
_a76 p. ; _c14 cm. |
||
| 590 | _aInventariado, 2018/LP | ||
| 650 | 4 |
_aMedicamentos esenciales _zRepública Dominicana _931216 |
|
| 710 | 1 | 2 |
_aRepública Dominicana. _b Secretaria de Estado de Salud Pública y Asistencia Social (2001) _956549 |
| 910 | _aValidado. Control de calidad MFF | ||
| 999 |
_c13365 _d13365 |
||